000 01593cad a22002655a 4500
001 L159443
008 081114s2017 cc abdof s 001 0 eng d
020 _a9783319557441
035 _a(Sirsi) u159443
041 0 _aeng
050 0 4 _a690.241 $2 18
100 1 _aBernardini, Gabriele
245 0 0 _aFire Safety of Historical Buildings
_btraditional versus innovative "behavioural design" solutions by using wayfinding systems
_h[electronic resource]
260 _aCham
_bSpringer Verlag
_c2017
520 _aApplies a behavioural point of view to individuals? fire safety in historic buildings. It outlines theoretical and operative issues, based on recent studies and international guidelines. Firstly, critical issues for Building Heritage fire safety are widely discussed, by including the modelling of human factor and man-environment-fire interference in these architectural spaces. A significant part of the book includes a discussion on emergency modelling and simulation. A source code for representing the fire evacuation process (including man-evacuation facilities interactions) is offered to the reader. Methods for effectiveness assessment of risk-reducing solutions are provided and tested in a case-study.
521 _aAdvanced
650 _aHISTORIC BUILDINGS
650 _aFIRE SAFETY
651 4 _aItalia = Italy
_y1992-
690 _aHealth and safety
_96244
690 _aConservation and restoration
700 1 _aKacprzyk, Janusz
856 4 0 _uhttps://www.vlebooks.com/
_zView on VLEbooks. Logins for members only from [email protected]
942 _n0
_2ddc
999 _c115904
_d115904